[Event "ICS Rated standard match"]
[Site "204.178.125.65"]
[Date "2000.07.26"]
[Round "?"]
[White "Y-ElGhazali"]
[Black "Hossa"]
[Result "1-0"]
[WhiteElo "2259"]
[BlackElo "2234"]
[PlyCount "85"]
[EventDate "2000.??.??"]

1. Nf3 Nf6 2. c4 d6 3. Nc3 e5 4. d4 exd4 5. Nxd4 Be7 6. e4 O-O 7. Be2 Na6 8.
O-O Re8 9. f4 c6 10. Bf3 Bf8 11. b3 g6 12. f5 Bg7 13. Bf4 Re7 14. Qd2 Qb6 15.
Rad1 Ne8 16. Be3 Qb4 17. fxg6 hxg6 18. a3 Qxa3 19. Ra1 Qb4 20. Ra4 Qb6 21. Nf5
Qc7 22. Nxe7+ Qxe7 23. b4 Qe6 24. Bd4 Bxd4+ 25. Qxd4 Nxb4 26. h3 c5 27. Qd2
Qxc4 28. Nd5 Qb5 29. Rxb4 cxb4 30. Qh6 Qd7 31. h4 Qd8 32. h5 g5 33. Be2 Be6 34.
Bc4 g4 35. Nf6+ Nxf6 36. Bxe6 fxe6 37. Rxf6 Qxf6 38. Qxf6 Kh7 39. Qg6+ Kh8 40.
Qh6+ Kg8 41. Qxe6+ Kh8 42. Qxd6 a5 43. Qe5+ {Hossa resigns} 1-0

[Event "ICS rated blitz match"]
[Site "204.178.125.65"]
[Date "2000.07.26"]
[Round "?"]
[White "Tinker"]
[Black "Hossa"]
[Result "0-1"]
[WhiteElo "2521"]
[BlackElo "2529"]
[PlyCount "88"]
[EventDate "2000.??.??"]

1. e4 c5 2. Nf3 g6 3. d4 cxd4 4. Qxd4 Nf6 5. e5 Nc6 6. Qa4 Nd5 7. Qe4 Nc7 8.
Nc3 Bg7 9. Bf4 O-O 10. O-O-O Ne6 11. g4 Nxf4 12. Qxf4 b6 13. Bc4 Bb7 14. e6
fxe6 15. Qe3 Bxc3 16. bxc3 Rxf3 17. Qxf3 Qc7 18. Qe3 Ne5 19. Be2 Bxh1 20. Rxh1
Rf8 21. f3 a5 22. Rd1 b5 23. g5 b4 24. cxb4 axb4 25. Kb1 Nf7 26. h4 Rc8 27. Qc1
d5 28. Rd4 Rb8 29. Qd2 Qa5 30. Qd3 Qa7 31. Rg4 Qf2 32. Qd2 Ne5 33. Rf4 Qg1+ 34.
Kb2 Qc5 35. Kb1 Nc6 36. Qc1 e5 37. Rg4 Nd4 38. Bd1 Nb5 39. Ka1 Nc3 40. Qb2 Qe3
41. Be2 Ra8 42. a3 Rxa3+ 43. Qxa3 bxa3 44. Rg1 Qxg1+ {Tinker resigns} 0-1

[Event "ICS rated standard match"]
[Site "204.178.125.65"]
[Date "2000.07.26"]
[Round "?"]
[White "Hossa"]
[Black "chessaurel"]
[Result "1-0"]
[WhiteElo "2219"]
[BlackElo "2200"]
[PlyCount "57"]
[EventDate "2000.??.??"]

1. d4 d5 2. c4 Nf6 3. Nc3 e6 4. cxd5 exd5 5. e3 Bb4 6. Nf3 O-O 7. Bd3 Bg4 8.
Bd2 Re8 9. O-O Bd6 10. h3 Bh5 11. g4 Nxg4 12. hxg4 Bxg4 13. Nxd5 Bxf3 14. Qxf3
Qg5+ 15. Qg2 Qd8 16. Qg4 Re6 17. Nc3 Rh6 18. f4 Nc6 19. Rf2 Nb4 20. Be4 Qe7 21.
Rg2 Qf6 22. a3 Rh4 23. Qg5 Qxg5 24. Rxg5 Nc6 25. Be1 Rh3 26. Bf2 h6 27. Rb5 Re8
28. Kg2 a6 29. Rxb7 {chessaurel resigns} 1-0

[Event "ICS rated blitz match"]
[Site "204.178.125.65"]
[Date "2000.07.26"]
[Round "?"]
[White "Hossa"]
[Black "Tinker"]
[Result "0-1"]
[WhiteElo "2545"]
[BlackElo "2514"]
[PlyCount "62"]
[EventDate "2000.??.??"]

1. d4 d5 2. c4 dxc4 3. Nf3 Bf5 4. e3 Nc6 5. d5 Nb8 6. Bxc4 Nf6 7. Qb3 b6 8.
Bb5+ Bd7 9. Ne5 a6 10. Nxd7 Nfxd7 11. Qa4 Ra7 12. O-O e6 13. dxe6 fxe6 14. Rd1
Bd6 15. Bd3 Qf6 16. f4 O-O 17. Qc2 Qh6 18. Be2 g5 19. g3 gxf4 20. exf4 Bc5+ 21.
Kh1 Qh3 22. Nc3 Nf6 23. Bf1 Qg4 24. Bd2 Qh5 25. Rac1 Ng4 26. Kg2 Qxh2+ 27. Kf3
Ne5+ 28. Ke4 Qh1+ 29. Bg2 Qxg2+ 30. Kxe5 Nd7+ 31. Kxe6 Qc6# {Hossa checkmated}
0-1

[Event "ICS rated blitz match"]
[Site "204.178.125.65"]
[Date "2000.07.26"]
[Round "?"]
[White "Tinker"]
[Black "Hossa"]
[Result "1/2-1/2"]
[WhiteElo "2531"]
[BlackElo "2528"]
[PlyCount "134"]
[EventDate "2000.??.??"]

1. e4 c5 2. Nf3 g6 3. d4 cxd4 4. Qxd4 Nf6 5. e5 Nc6 6. Qa4 Nd5 7. Bb5 Bg7 8.
O-O Nc7 9. Bf4 Nxb5 10. Qxb5 a6 11. Qb3 O-O 12. Nc3 d6 13. Rfd1 g5 14. Bxg5
Nxe5 15. Nxe5 Bxe5 16. Nd5 Re8 17. f4 Bg7 18. Re1 Be6 19. Rad1 Bxd5 20. Rxd5 b5
21. f5 Qb6+ 22. Be3 Qc7 23. Red1 Qc4 24. Qxc4 bxc4 25. Bd4 Rab8 26. b3 cxb3 27.
axb3 Rb5 28. Rxb5 axb5 29. Bxg7 Kxg7 30. Rd4 Rc8 31. c4 bxc4 32. bxc4 Ra8 33.
g4 Kf6 34. Kf2 h5 35. h3 Ra3 36. Kg2 h4 37. Re4 Rg3+ 38. Kh2 Rc3 39. Kg2 Rd3
40. Re2 Rg3+ 41. Kh2 Rc3 42. Re4 Rc2+ 43. Kg1 Rb2 44. g5+ Kxg5 45. Rxe7 Rc2 46.
Rxf7 Rxc4 47. Rf8 Rf4 48. Rd8 Rd4 49. Rf8 Rd2 50. Kh1 d5 51. f6 d4 52. Kg1 d3
53. Kf1 Kg6 54. f7 Kg7 55. Re8 Kxf7 56. Ke1 Rb2 57. Re3 d2+ 58. Kd1 Kf6 59. Re4
Ra2 60. Rxh4 Ke5 61. Rc4 Kd5 62. Rc2 Rxc2 63. Kxc2 d1=R 64. Kxd1 Ke5 65. h4 Kf5
66. h5 Kg5 67. h6 Kxh6 1/2-1/2

[Event "ICS rated blitz match"]
[Site "204.178.125.65"]
[Date "2000.07.26"]
[Round "?"]
[White "Hossa"]
[Black "Tinker"]
[Result "1/2-1/2"]
[WhiteElo "2528"]
[BlackElo "2531"]
[PlyCount "219"]
[EventDate "2000.??.??"]

1. Nf3 d5 2. g3 Nc6 3. d4 Bg4 4. Bg2 e6 5. O-O Bd6 6. h3 Bxf3 7. Bxf3 Qf6 8. c3
Nh6 9. h4 O-O 10. e4 dxe4 11. Bxe4 Qe7 12. Bxh6 gxh6 13. Qh5 Qf6 14. Nd2 Kh8
15. Rfe1 Rab8 16. Nb3 Rg8 17. Re3 Nd8 18. Rae1 Qg7 19. Nc5 f5 20. Bg2 f4 21.
Nxe6 Nxe6 22. Rxe6 fxg3 23. f3 Rbf8 24. R1e2 Rf6 25. Bh3 b6 26. Bg4 Rg6 27. Bf5
Rxe6 28. Bxe6 Rf8 29. Bc4 Qd7 30. Bb3 Bf4 31. Be6 Qa4 32. Bb3 Qd7 33. Qg4 Qxg4
34. fxg4 Bd6 35. h5 Kg7 36. Kg2 Kf6 37. Bc2 Rf7 38. Bf5 Bf4 39. Re6+ Kg5 40. c4
Rd7 41. Re4 Rg7 42. Kh3 Rf7 43. Re8 Bd6 44. c5 bxc5 45. dxc5 Bxc5 46. Kxg3 Bf8
47. a3 Kf6 48. Re6+ Kg7 49. Rc6 Be7 50. Kf3 Bd6 51. b4 Bh2 52. Ra6 Bg1 53. Re6
c5 54. Kg2 Bd4 55. Rd6 Re7 56. Rd5 Rc7 57. a4 Be3 58. bxc5 Bxc5 59. a5 Bb4 60.
a6 Kf6 61. Rd4 Bc3 62. Rd6+ Kg5 63. Re6 Bf6 64. Kf3 Rc3+ 65. Ke4 Rc4+ 66. Ke3
Ra4 67. Kd3 Rd4+ 68. Ke2 Ra4 69. Kd2 Bd8 70. Rc6 Ra3 71. Kc2 Bb6 72. Bc8 Ra4
73. Kb3 Ra5 74. Kc4 Re5 75. Kb4 Ba5+ 76. Kb3 Bd8 77. Bf5 Ra5 78. Bd3 Bb6 79.
Be2 Re5 80. Rc2 Kf4 81. Rd2 Re4 82. Bd1 Re3+ 83. Ka2 Re6 84. Be2 Re4 85. Kb2
Bc5 86. Kb1 Ke3 87. Ra2 Rd4 88. Kc1 Bd6 89. Bd1 Bf4 90. Be2 Kf2+ 91. Kb1 Rb4+
92. Kc2 Bg3 93. Kc3 Rb6 94. Kd4 Rd6+ 95. Kc5 Ke3 96. Bc4 Rb6 97. Ra3+ Kf4 98.
Be2 Rb2 99. Bd1 Rd2 100. Ra4+ Ke3 101. Bb3 Bd6+ 102. Kc6 Be5 103. Bg8 Rd6+ 104.
Kc5 Rd7 105. Bd5 Rc7+ 106. Bc6 Bf6 107. Ra3+ Kf4 108. Rf3+ Ke5 109. Rf5+ Ke6
110. Kb5 1/2-1/2

[Event "ICS rated blitz match"]
[Site "204.178.125.65"]
[Date "2000.07.26"]
[Round "?"]
[White "Tinker"]
[Black "Hossa"]
[Result "1/2-1/2"]
[WhiteElo "2531"]
[BlackElo "2528"]
[PlyCount "121"]
[EventDate "2000.??.??"]

1. e4 c5 2. Nf3 g6 3. d4 cxd4 4. Qxd4 Nf6 5. e5 Nc6 6. Qa4 Nd5 7. Bd2 Nb6 8.
Qf4 Bg7 9. Na3 d6 10. O-O-O dxe5 11. Qh4 O-O 12. Bh6 Qe8 13. Bxg7 Kxg7 14. Nb5
Bf5 15. Nc7 Qc8 16. Nxa8 Nxa8 17. Rd2 Nb6 18. Be2 f6 19. Kb1 g5 20. Qg3 Nb4 21.
Ne1 Nc4 22. Rd1 Rd8 23. Rxd8 Qxd8 24. Qc3 Nd2+ 25. Ka1 Qa5 26. a3 Nxc2+ 27.
Nxc2 Qxc3 28. bxc3 Bxc2 29. Kb2 Ba4 30. c4 b6 31. Re1 Ne4 32. f3 Nc5 33. Ka2 e4
34. fxe4 Bc2 35. Bf3 Bd3 36. Kb2 Bxc4 37. Kc3 b5 38. h3 a5 39. Kd4 Nb3+ 40. Ke3
e5 41. Be2 Bxe2 42. Rxe2 Nd4 43. Rd2 h5 44. Rxd4 exd4+ 45. Kxd4 b4 46. axb4
axb4 47. Kc4 Kf7 48. Kxb4 Ke6 49. Kc3 Ke5 50. Kd3 Kf4 51. Kd4 h4 52. Kd5 Kg3
53. Ke6 Kxg2 54. Kxf6 g4 55. e5 g3 56. e6 Kf1 57. e7 g2 58. e8=Q g1=Q 59. Qb5+
Kg2 60. Qg5+ Kxh3 61. Qxg1 {Hossa stalemated} 1/2-1/2

[Event "ICS rated blitz match"]
[Site "204.178.125.65"]
[Date "2000.07.26"]
[Round "?"]
[White "Hossa"]
[Black "QueenMaxima"]
[Result "1-0"]
[WhiteElo "2528"]
[BlackElo "2539"]
[PlyCount "129"]
[EventDate "2000.??.??"]

1. e4 c5 2. Nf3 e6 3. Nc3 a6 4. d4 cxd4 5. Nxd4 Bb4 6. Bd2 Nf6 7. e5 Bxc3 8.
bxc3 Nd5 9. Qg4 Kf8 10. c4 Ne7 11. Bb4 Nbc6 12. Nxc6 bxc6 13. c3 Rb8 14. Be2 a5
15. Bd6 Rb2 16. Ba3 h5 17. Qg5 Rb8 18. Bxh5 Ba6 19. Be2 Rh7 20. Bd3 g6 21. O-O
Ke8 22. Qe3 Rh4 23. Qe2 Nc8 24. g3 Rh5 25. Rad1 Qc7 26. f4 Qa7+ 27. Rf2 Qb7 28.
Qe3 Rh8 29. Qd4 Ra8 30. Rb2 Qc7 31. Bb1 Ne7 32. Qc5 Qd8 33. Bd3 Rh5 34. Qd6 Rh8
35. Bf1 Nf5 36. Qd3 Qc7 37. Bc5 a4 38. g4 Ng7 39. Bb6 Qc8 40. Qd6 g5 41. fxg5
a3 42. Rb3 Rg8 43. Rxa3 Bb7 44. Rxa8 Bxa8 45. Bc5 Qd8 46. Rb1 Nf5 47. gxf5
Qxg5+ 48. Kh1 Qg1+ 49. Bxg1 c5+ 50. Qd5 Bxd5+ 51. cxd5 Rxg1+ 52. Kxg1 exd5 53.
Rb8+ Ke7 54. f6+ Ke6 55. Re8+ Kf5 56. Bh3+ Kf4 57. Bxd7 Kg5 58. h4+ Kg6 59.
Rg8+ Kh5 60. Be8 Kxh4 61. Bxf7 d4 62. Kg2 dxc3 63. Kf3 c4 64. Rh8+ Kg5 65. Rh5#
1-0

[Event "ICS rated blitz match"]
[Site "204.178.125.65"]
[Date "2000.07.26"]
[Round "?"]
[White "MissSilicon"]
[Black "Hossa"]
[Result "1-0"]
[WhiteElo "2785"]
[BlackElo "2545"]
[PlyCount "155"]
[EventDate "2000.??.??"]

1. e4 c5 2. Nf3 g6 3. d4 cxd4 4. Qxd4 Nf6 5. Qa4 Nc6 6. Bb5 Bg7 7. O-O a6 8. e5
Nd5 9. Be2 d6 10. exd6 Qxd6 11. Rd1 Bf5 12. Na3 O-O 13. Qh4 Qc5 14. Bc4 Nf6 15.
Be3 Qb4 16. Rab1 Rad8 17. Bb3 Qxh4 18. Nxh4 Bg4 19. f3 Bd7 20. g4 Bc8 21. c3 b5
22. g5 Nd7 23. c4 b4 24. Nc2 a5 25. Ba4 Nce5 26. b3 Bb7 27. Rbc1 f6 28. f4 Nc6
29. Bxc6 Bxc6 30. Nd4 Nb8 31. Ne6 Rxd1+ 32. Rxd1 Rc8 33. Nxg7 Kxg7 34. Kf2 fxg5
35. fxg5 Rf8+ 36. Kg3 Nd7 37. c5 Kg8 38. Rd2 Rf1 39. Rc2 Re1 40. Kf2 Rd1 41.
Nf3 e5 42. Nd2 Ra1 43. Nc4 a4 44. Rd2 axb3 45. axb3 Ra8 46. Rd6 Rc8 47. Na5
Rf8+ 48. Ke1 Bb5 49. c6 Nb8 50. c7 Na6 51. Bb6 Rf1+ 52. Kd2 Nxc7 53. Bxc7 Rf2+
54. Ke3 Re2+ 55. Kf3 e4+ 56. Kf4 Rxh2 57. Kxe4 Rh4+ 58. Kd5 Rg4 59. Bd8 Be8 60.
Bf6 Kf8 61. Rd8 Rg3 62. Ke6 Re3+ 63. Be5 Rxe5+ 64. Kxe5 Kf7 65. Nc4 Ke7 66. Rc8
Bd7 67. Rh8 Bf5 68. Rxh7+ Kd8 69. Rb7 Bc2 70. Kd6 Ke8 71. Ne5 Kf8 72. Ke6 Kg8
73. Kf6 Bf5 74. Rb8+ Kh7 75. Re8 Bd7 76. Re7+ Kh8 77. Nxg6+ Kg8 78. Rg7# {
Hossa checkmated} 1-0

[Event "ICS rated blitz match"]
[Site "204.178.125.65"]
[Date "2000.07.26"]
[Round "?"]
[White "Hossa"]
[Black "MissSilicon"]
[Result "0-1"]
[WhiteElo "2539"]
[BlackElo "2791"]
[PlyCount "138"]
[EventDate "2000.??.??"]

1. e4 d5 2. e5 c5 3. c3 Nc6 4. d4 cxd4 5. cxd4 Bf5 6. Nc3 e6 7. Nf3 Rc8 8. Be2
f6 9. O-O fxe5 10. Nxe5 Bb4 11. Bb5 Bd6 12. Qh5+ g6 13. Qe2 Qh4 14. Nf3 Qh5 15.
Re1 Nf6 16. h3 O-O 17. Bxc6 bxc6 18. Qe3 a5 19. Ne5 c5 20. dxc5 Bxc5 21. Qe2
Qxe2 22. Rxe2 d4 23. g4 dxc3 24. gxf5 cxb2 25. Bxb2 exf5 26. Rc1 Ne4 27. Nd7
Rfd8 28. Nxc5 Rxc5 29. Rxc5 Nxc5 30. Bc3 a4 31. Kg2 Kf7 32. Re5 Ne6 33. Ra5
Nf4+ 34. Kf1 Rd1+ 35. Be1 Ra1 36. Ra7+ Ke6 37. Ra6+ Kd5 38. Ra7 Nd3 39. Re7 h5
40. Re2 a3 41. h4 Nxe1 42. Rxe1 Rxa2 43. Re8 Rc2 44. Ra8 a2 45. Kg2 Kc5 46.
Rc8+ Kd4 47. Rxc2 a1=Q 48. Rd2+ Ke5 49. Rd3 Qa8+ 50. Kg1 Qa4 51. Rh3 Qd1+ 52.
Kh2 f4 53. Ra3 Qf1 54. Ra5+ Ke6 55. Ra2 f3 56. Kg3 Qc4 57. Kxf3 Qd5+ 58. Ke3
Qxa2 59. f3 Qa3+ 60. Ke2 Qe7 61. f4 Kf5+ 62. Kd3 Qe4+ 63. Kc3 Qe1+ 64. Kd3 Qg3+
65. Ke2 Ke4 66. Kd2 Qb3 67. Ke2 Qe3+ 68. Kf1 Kf3 69. f5 Qf2# {Hossa checkmated}
0-1

[Event "ICS rated blitz match"]
[Site "204.178.125.65"]
[Date "2000.07.26"]
[Round "?"]
[White "MissSilicon"]
[Black "Hossa"]
[Result "1-0"]
[WhiteElo "2791"]
[BlackElo "2533"]
[PlyCount "22"]
[EventDate "2000.??.??"]

1. d4 d5 2. c4 dxc4 3. Nf3 Bf5 4. e3 Nc6 5. d5 Nb8 6. Bxc4 Nf6 7. Qb3 b6 8. Nc3
g6 9. Nd4 Bd7 10. d6 exd6 11. Bxf7+ Ke7 1-0

[Event "ICS rated blitz match"]
[Site "204.178.125.65"]
[Date "2000.07.26"]
[Round "?"]
[White "Hossa"]
[Black "MissSilicon"]
[Result "1-0"]
[WhiteElo "2527"]
[BlackElo "2797"]
[PlyCount "83"]
[EventDate "2000.??.??"]

1. d4 Nf6 2. c4 e5 3. dxe5 Ng4 4. Bf4 Nc6 5. Nf3 Bb4+ 6. Nbd2 Qe7 7. a3 Ngxe5
8. Nxe5 Nxe5 9. e4 Ng6 10. Bxc7 Bxd2+ 11. Qxd2 d5 12. Ba5 Qxe4+ 13. Qe3 O-O 14.
O-O-O Bf5 15. Qxe4 dxe4 16. h3 Rac8 17. b3 b6 18. g4 Bxg4 19. hxg4 bxa5 20. Rd5
a4 21. b4 Rfd8 22. Rxd8+ Rxd8 23. Rh5 f6 24. Ra5 Ne5 25. Be2 Nd3+ 26. Bxd3 Rxd3
27. Rxa4 Rc3+ 28. Kb2 Rxc4 29. Rxa7 Rd4 30. Kc3 Rd5 31. a4 Rd3+ 32. Kc4 Rd6 33.
b5 Re6 34. Kc5 Re5+ 35. Kd6 e3 36. fxe3 Rxe3 37. b6 Rd3+ 38. Kc7 Rc3+ 39. Kb8
Rg3 40. Ka8 Rxg4 41. a5 Rb4 42. b7 {MissSilicon resigns} 1-0

[Event "ICS rated blitz match"]
[Site "204.178.125.65"]
[Date "2000.07.26"]
[Round "?"]
[White "Tinker"]
[Black "Hossa"]
[Result "0-1"]
[WhiteElo "2575"]
[BlackElo "2553"]
[PlyCount "154"]
[EventDate "2000.??.??"]

1. e4 d5 2. e5 c5 3. c3 Nc6 4. d4 cxd4 5. cxd4 Bf5 6. Nf3 e6 7. Nc3 a6 8. Be3
Nge7 9. Nh4 Be4 10. Qd2 Nc8 11. Be2 Bb4 12. Nf3 Nb6 13. O-O Nc4 14. Bxc4 dxc4
15. Ne1 Bf5 16. Qe2 b5 17. Qf3 Rc8 18. Qg3 O-O 19. a3 Be7 20. Nf3 Qd7 21. Rfe1
b4 22. axb4 Nxb4 23. Na4 Nd5 24. Bg5 Bb4 25. Bh6 Bg6 26. Bd2 Qb5 27. Nc3 Bxc3
28. bxc3 Ra8 29. Nh4 Qb2 30. Nxg6 Rfb8 31. Red1 hxg6 32. Rac1 Rb3 33. Kh1 g5
34. Bxg5 Rxc3 35. Rxc3 Qxc3 36. Qxc3 Nxc3 37. Rc1 Ne4 38. Be3 Rb8 39. Kg1 Rb2
40. Rxc4 Nxf2 41. Bc1 Ra2 42. Kf1 Nd3 43. Be3 Kh7 44. Rc7 Kg6 45. Rc3 Nb4 46.
Bf2 Nd5 47. Rg3+ Kh7 48. Rf3 Kg8 49. Rb3 Nf4 50. g3 Nh3 51. Be3 Kh7 52. Rd3 g5
53. Rd2 Rxd2 54. Bxd2 g4 55. Ke2 Kg6 56. Bc3 Ng5 57. Ke3 Kf5 58. Bb4 Ne4 59.
Be7 a5 60. Ba3 f6 61. exf6 Nxf6 62. Bb2 Nd5+ 63. Kd3 Nb4+ 64. Kc4 Ke4 65. Ba3
Nc2 66. Bb2 a4 67. Bc3 a3 68. Kb3 Nxd4+ 69. Ka2 Ke3 70. Ba5 Nb5 71. Bd8 e5 72.
Kb3 Kd3 73. Be7 e4 74. Bb4 e3 75. Be1 a2 76. Kxa2 Kc2 77. Bb4 Nc3+ {
Tinker resigns} 0-1

[Event "ICS rated blitz match"]
[Site "204.178.125.65"]
[Date "2000.07.26"]
[Round "?"]
[White "Hossa"]
[Black "Tinker"]
[Result "1-0"]
[WhiteElo "2570"]
[BlackElo "2558"]
[PlyCount "101"]
[EventDate "2000.??.??"]

1. d4 d5 2. c4 e6 3. Nc3 Nf6 4. Bg5 Bb4 5. e3 dxc4 6. Bxc4 c6 7. Nf3 Bxc3+ 8.
bxc3 Qa5 9. O-O Ne4 10. Bf4 O-O 11. Rc1 Nxc3 12. Qd2 b5 13. Bxb5 Qxb5 14. Qxc3
Ba6 15. Rfd1 Qf5 16. Qb2 Bb5 17. Rc5 Qf6 18. Bg5 Qg6 19. Be7 Re8 20. Rg5 Qh6
21. Bd6 Nd7 22. Rc1 Kh8 23. h3 Rg8 24. Qc2 Qf6 25. a4 Ba6 26. Rb1 Nb6 27. Ra5
Nc4 28. Be5 Qxf3 29. gxf3 Nxa5 30. Rb4 Rgc8 31. Qc5 Nb7 32. Qe7 f6 33. Bxf6 Rg8
34. Be5 Rae8 35. Qd7 Na5 36. Qxa7 Ra8 37. Qc5 Bc8 38. Bc7 Nb7 39. Qxc6 Ra7 40.
d5 exd5 41. Qxd5 Re8 42. Kg2 h6 43. Rb6 Rxa4 44. Rxh6+ gxh6 45. Be5+ Rxe5 46.
Qxe5+ Kh7 47. Qc7+ Kg6 48. Qxc8 Ra6 49. Qxb7 Rf6 50. Qd7 h5 51. h4 {
Tinker resigns} 1-0

[Event "ICS rated blitz match"]
[Site "204.178.125.65"]
[Date "2000.07.26"]
[Round "?"]
[White "Tinker"]
[Black "Hossa"]
[Result "1/2-1/2"]
[WhiteElo "2543"]
[BlackElo "2585"]
[PlyCount "139"]
[EventDate "2000.??.??"]

1. e4 d5 2. exd5 Qxd5 3. Nc3 Qe6+ 4. Nge2 Nf6 5. d4 Qd7 6. Nf4 e6 7. a3 Be7 8.
Bb5 c6 9. Bc4 O-O 10. O-O b5 11. Bd3 Rd8 12. Be3 Na6 13. Nh5 Nc7 14. Qf3 a5 15.
Qh3 Nce8 16. Nxf6+ Nxf6 17. Ne4 Nxe4 18. Bxe4 f5 19. Bd3 Bf6 20. Rfd1 Qe7 21.
c3 Bg5 22. Re1 a4 23. Qg3 Bxe3 24. Rxe3 Rd5 25. Rae1 Qd6 26. Re5 Rxe5 27. Rxe5
Qd7 28. Qe3 Rb8 29. Bb1 b4 30. axb4 Rb5 31. Bc2 Rxe5 32. Qxe5 Qd5 33. Qb8 Qd7
34. Bxa4 Qb7 35. Qxb7 Bxb7 36. b5 cxb5 37. Bxb5 g5 38. c4 g4 39. c5 Kf7 40. b4
h5 41. c6 Bc8 42. Ba4 Ke7 43. b5 Kd6 44. b6 Ba6 45. d5 exd5 46. h3 d4 47. hxg4
hxg4 48. g3 d3 49. f3 d2 50. fxg4 fxg4 51. Kf2 Bb5 52. Bd1 Kxc6 53. Ke3 Kxb6
54. Kxd2 Kc6 55. Ke3 Kd5 56. Bxg4 Bc4 57. Kd2 Bf1 58. Bc8 Bc4 59. Bd7 Kd6 60.
g4 Kxd7 61. Ke3 Bf1 62. Kf4 Be2 63. Kg5 Bf1 64. Kh6 Be2 65. Kg7 Bf1 66. Kh8 Be2
67. Kg8 Bf1 68. Kh8 Be2 69. Kg8 Bf1 70. Kh8 1/2-1/2

[Event "ICS rated blitz match"]
[Site "204.178.125.65"]
[Date "2000.07.26"]
[Round "?"]
[White "Hossa"]
[Black "Tinker"]
[Result "1/2-1/2"]
[WhiteElo "2583"]
[BlackElo "2545"]
[PlyCount "204"]
[EventDate "2000.??.??"]

1. d4 d5 2. Nf3 Nf6 3. e3 e6 4. Nbd2 Nc6 5. c3 Bd6 6. Bd3 O-O 7. e4 e5 8. exd5
Nxd5 9. dxe5 Nxe5 10. Nxe5 Bxe5 11. Qc2 Nf6 12. Nc4 Re8 13. O-O Bd6 14. Bg5
Bxh2+ 15. Kh1 Bd6 16. Bxh7+ Kf8 17. Rad1 Qe7 18. Nxd6 cxd6 19. Qd2 d5 20. Qf4
Be6 21. Rfe1 Red8 22. Kg1 Qd6 23. Qh4 Ke7 24. Qa4 Rh8 25. Qb5 Rad8 26. Qd3 Rd7
27. b3 b5 28. Bxf6+ gxf6 29. g3 Kd8 30. Be4 Qc5 31. b4 Qc4 32. Qxc4 bxc4 33.
Bf3 Rg8 34. Rd4 Rg5 35. Red1 Ke7 36. Kg2 Re5 37. a4 Kd8 38. b5 Ke8 39. a5 Rd8
40. b6 axb6 41. axb6 Rd7 42. Rb1 Rb7 43. Rb2 Ke7 44. Kf1 Bh3+ 45. Kg1 Be6 46.
Kg2 Kf8 47. Rb5 Rg5 48. Kg1 Ke7 49. Rb1 Re5 50. Kh2 Kf8 51. Rb2 Rf5 52. Bd1 Re5
53. Ba4 Ke7 54. Kg2 Kd6 55. Rd1 Bf5 56. f3 Re3 57. g4 Be6 58. Rc1 Bd7 59. Bxd7
Kxd7 60. Kg3 Kc6 61. Kf4 Rd3 62. Rh2 Kd7 63. Rh7 Ke7 64. Re1+ Kd6 65. Re3 Rxe3
66. Kxe3 Ke6 67. Rh8 Rxb6 68. Re8+ Kd7 69. Ra8 Rb1 70. Ra7+ Ke8 71. Kd4 Rd1+
72. Kc5 Rd3 73. Rc7 Rxc3 74. Kxd5 Rxf3 75. Rxc4 Ra3 76. Rc6 Ke7 77. Ke4 Ra4+
78. Kf5 Ra5+ 79. Kf4 Re5 80. Kf3 Re6 81. Rc7+ Ke8 82. Kf4 Re1 83. Rc8+ Kd7 84.
Ra8 Re5 85. Ra7+ Ke6 86. Ra6+ Ke7 87. Ra8 Rd5 88. Ra6 Rc5 89. Ke4 Re5+ 90. Kf4
Rd5 91. Ke4 Rc5 92. Ra8 Rg5 93. Kf4 Re5 94. Ra6 Rb5 95. Ra8 Rc5 96. Ke4 Re5+
97. Kf4 Rb5 98. Ra6 Rg5 99. Ra8 Ke6 100. Ra6+ Ke7 101. Ra8 Ke6 102. Ra6+ Ke7
1/2-1/2

[Event "ICS rated blitz match"]
[Site "204.178.125.65"]
[Date "2000.07.26"]
[Round "?"]
[White "Dorky"]
[Black "Hossa"]
[Result "0-1"]
[WhiteElo "2371"]
[BlackElo "2581"]
[PlyCount "256"]
[EventDate "2000.??.??"]

1. d4 Nf6 2. c4 e6 3. Nc3 Bb4 4. Nf3 c5 5. e3 Nc6 6. Bd3 cxd4 7. exd4 d5 8. O-O
dxc4 9. Bxc4 O-O 10. Bg5 Be7 11. Qd2 a6 12. Qf4 b5 13. Bd3 Bb7 14. Bxf6 Bxf6
15. Rfd1 Qb8 16. Qe4 g6 17. Qe3 Rc8 18. Ne4 Bg7 19. Nc5 Nb4 20. Nxb7 Nd5 21.
Qe4 Qxb7 22. Rd2 a5 23. Rad1 Rc6 24. Ng5 Rac8 25. Qh4 h6 26. Nf3 Rc1 27. Ne5
Nf6 28. f3 Qb6 29. Qf4 R8c7 30. Qe3 Nd7 31. f4 Nf6 32. Be4 Nxe4 33. Qxe4 Rc8
34. Qd3 b4 35. Qe4 b3 36. axb3 Rxd1+ 37. Rxd1 Qxb3 38. Rd2 Qb4 39. Re2 Rc1+ 40.
Kf2 Bxe5 41. dxe5 Qb8 42. Qe3 Rb1 43. Qd4 Kg7 44. Qc5 Rxb2 45. Qxa5 Rxe2+ 46.
Kxe2 Qb7 47. Kf2 Qb2+ 48. Kf3 Qb3+ 49. Ke2 Qc4+ 50. Kf3 Qd3+ 51. Kf2 Qd4+ 52.
Kf3 g5 53. fxg5 hxg5 54. h3 Qf4+ 55. Ke2 Qg3 56. Kf1 Qe3 57. Qc7 Qd2 58. g4 Qh2
59. Qc3 Kg6 60. Ke1 Kh6 61. Qe3 Qb2 62. Qg3 Qc1+ 63. Ke2 Qc2+ 64. Kf3 Qd2 65.
h4 Qd3+ 66. Kg2 Qe2+ 67. Kh3 Kg7 68. h5 Qe4 69. Qh2 Qf3+ 70. Qg3 Qf1+ 71. Qg2
Qe1 72. Qg3 Qe2 73. Qh2 Qd3+ 74. Kg2 Kg8 75. Kf2 Qe4 76. Qg3 Qc2+ 77. Ke3 Qb3+
78. Kf2 Qb2+ 79. Kf3 Qd2 80. Ke4 Qd5+ 81. Ke3 Kh7 82. Qh2 Qb3+ 83. Ke4 Qd1 84.
Qg3 Qd5+ 85. Ke3 Qb3+ 86. Kf2 Qa2+ 87. Ke1 Qb1+ 88. Kf2 Qc2+ 89. Ke1 Qe4+ 90.
Kf2 Kg7 91. Kf1 Kh6 92. Kf2 Qc2+ 93. Ke3 Qc3+ 94. Kf2 Qd2+ 95. Kf1 Qd1+ 96. Kg2
Qe2+ 97. Kh3 Kg7 98. Qh2 Qd3+ 99. Qg3 Qe2 100. Qh2 Qe4 101. Qg3 Kg8 102. Qc3
Qh1+ 103. Kg3 Qh4+ 104. Kg2 Qxg4+ 105. Kf2 Qxh5 106. Ke3 Qh3+ 107. Kd4 Qxc3+
108. Kxc3 g4 109. Kd3 g3 110. Ke2 g2 111. Kf2 g1=B+ 112. Kxg1 Kg7 113. Kf2 Kg6
114. Ke3 Kf5 115. Kd4 Kf4 116. Kd3 Kxe5 117. Ke2 Ke4 118. Kf1 Kd3 119. Kf2 e5
120. Kf3 e4+ 121. Kg4 e3 122. Kg5 e2 123. Kf6 e1=Q 124. Kxf7 Qe5 125. Kg6 Ke4
126. Kf7 Kf5 127. Kf8 Kg6 128. Kg8 Qe8# {Dorky checkmated} 0-1

[Event "ICS rated blitz match"]
[Site "204.178.125.65"]
[Date "2000.07.26"]
[Round "?"]
[White "MissSilicon"]
[Black "Hossa"]
[Result "1/2-1/2"]
[WhiteElo "2771"]
[BlackElo "2588"]
[PlyCount "94"]
[EventDate "2000.??.??"]

1. Nf3 d5 2. c4 dxc4 3. Na3 Be6 4. e4 Nc6 5. Nxc4 Bg4 6. d3 e5 7. Bd2 Bc5 8.
Rc1 Be7 9. Qa4 Bd7 10. Qb3 f6 11. Qxb7 Rb8 12. Qa6 Nb4 13. Qa5 Nc6 14. Qc3 Bb4
15. Qc2 Bxd2+ 16. Qxd2 Nge7 17. d4 exd4 18. Nxd4 Nxd4 19. Qxd4 Nc6 20. Qd5 Nb4
21. Qa5 Be6 22. Qxa7 O-O 23. Rc3 Ra8 24. Qc5 Nxa2 25. Ra3 Qd7 26. f4 Bf7 27. h3
Rfe8 28. Rxa8 Rxa8 29. e5 Nc1 30. Kf2 Ra1 31. exf6 gxf6 32. Rg1 Nb3 33. Qe3
Rxf1+ 34. Rxf1 Bxc4 35. Re1 Kf8 36. Qc3 Qc6 37. Kg3 Bd5 38. Qb4+ Qc5 39. Qb8+
Kg7 40. Qc8 Nd2 41. Qg4+ Kh6 42. Qh4+ Kg6 43. Qg4+ Kf7 44. Qd7+ Kg6 45. Qg4+
Kf7 46. Qd7+ Kg6 47. Qg4+ Kf7 1/2-1/2

[Event "ICS rated blitz match"]
[Site "204.178.125.65"]
[Date "2000.07.26"]
[Round "?"]
[White "Hossa"]
[Black "MissSilicon"]
[Result "0-1"]
[WhiteElo "2596"]
[BlackElo "2763"]
[PlyCount "72"]
[EventDate "2000.??.??"]

1. e4 e5 2. Bc4 Nf6 3. d3 c6 4. Nf3 d5 5. Bb3 Bg4 6. h3 dxe4 7. hxg4 exf3 8.
Qxf3 Bc5 9. g5 Nd5 10. Qe4 Nd7 11. Rxh7 Rxh7 12. Qxh7 Qb6 13. g6 Bxf2+ 14. Ke2
O-O-O 15. gxf7 Bg3 16. Qh1 Qf2+ 17. Kd1 Kc7 18. Bd2 Rh8 19. Ba5+ b6 20. Qe1 Qf4
21. f8=R Nxf8 22. Bxd5 Bxe1 23. Bxe1 cxd5 24. Nc3 Qg4+ 25. Ne2 Rh2 26. Bf2 Rh1+
27. Be1 Rg1 28. Kd2 Rxg2 29. Bf2 Rxf2 30. Re1 Ne6 31. Kc1 Rxe2 32. Rf1 Qa4 33.
b3 Qxa2 34. Rf7+ Kd6 35. Rd7+ Kxd7 36. Kd1 Qxc2# {Hossa checkmated} 0-1